El caso Fayt y sus implicancias constitucionales

Wedi'i Gadw mewn:
Manylion Llyfryddiaeth
Prif Awdur: Hernández, Antonio María (Awdur)
Fformat: Llyfr
Iaith:Sbaeneg
Cyhoeddwyd: Córdoba Academia Nacional de Derecho y Ciencias Sociales de Córdoba 2001
Pynciau:
Tagiau: Ychwanegu Tag
Dim Tagiau, Byddwch y cyntaf i dagio'r cofnod hwn!

MARC

LEADER 00000nam a2200000 a 4500
001 UCM8488
003 CL-VaPUC
008 030321e20010000AG |||||||||||||||||spa|d
082 0 4 |a 342.029  |b HER  |2 21 
100 0 |a Hernández, Antonio María  |e author  |9 474556 
245 1 3 |a El caso Fayt y sus implicancias constitucionales 
300 |a 134 p 
942 |c BK 
945 |d 20030321 00:00:00  |a rbrito 
260 |a Córdoba  |b Academia Nacional de Derecho y Ciencias Sociales de Córdoba  |c 2001 
600 0 7 |a FAYT, CARLOS SANTIAGO  |2 CL-VaPUC  |9 474557 
650 0 |a Derecho constitucional   |9 222588 
650 0 |a Constitución política  |9 336925 
650 0 |a Reforma constitucional  |9 332804 
651 0 |a Argentina  |9 254888 
583 |a last modification  |c 20131001 02:10:14  |k Rodrigo Vera 
999 |c 302988  |d 302986 
952 |0 0  |1 0  |4 0  |6 342_029000000000000_HER_2001  |7 0  |8 A  |9 363892  |a BIBDER  |b BIBDER  |d 2019-11-21  |i 448164K  |o 342.029 HER 2001  |p 448164K  |r 2023-01-25  |w 2019-11-21  |y BK  |k DER